Biblioteca y Centro de Documentación

Revista iberoamericana de Administración pública (Registro nro. 25739)

Detalles MARC
000 -CABECERA
Longitud fija campo de control 01296nas a2200385 c 4500
001 - NÚMERO DE CONTROL
Número de control 25739
003 - IDENTIFICADOR DE NÚMERO DE CONTROL
Identificador del número de control ES-MaCES
005 - FECHA Y HORA DE LA ÚLTIMA TRANSACCIÓN
Fecha y hora de la última transacción 20250227102040.0
008 - CAMPO FIJO DE DESCRIPCIÓN FIJA--INFORMACIÓN GENERAL
Códigos de información de longitud fija   981211d19982004sp fr p o0 |spa d
017 ## - NÚMERO DE REGISTRO DE DERECHOS DE AUTOR Y DEPÓSITO LEGAL
Número de copyright o de depósito legal M 32859-1998
Agencia que asigna el número DL
022 0# - ISSN (INTERNATIONAL STANDARD SERIAL NUMBER)
Número Internacional Normalizado para Publicaciones Seriadas 1139-3750
024 7# - OTROS IDENTIFICADORES
Número normalizado o código 329-98-006-5
Fuente del número o código nipo
035 ## - NÚMERO DE CONTROL DEL SISTEMA
Número de control del sistema CES19980007333p
040 ## - FUENTE DE CATALOGACIÓN
Centro catalogador de origen ES-MaCES
Lengua de catalogación spa
Centro transcriptor ES-MaCES
245 00 - MENCIÓN DE TÍTULO
Título Revista iberoamericana de Administración pública
246 14 - FORMA VARIANTE DEL TÍTULO
Título propio ; Título en breve RIAP
260 ## - PUBLICACIÓN, DISTRIBUCIÓN, ETC (PIE DE IMPRENTA)
Lugar de publicación, distribución, etc. Madrid
Nombre del editor, distribuidor, etc. Instituto Nacional de Administración Pública
Fecha de publicación, distribución, etc. 1998-2004
300 ## - DESCRIPCIÓN FÍSICA
Extensión v.
Dimensiones 24 cm.
310 ## - PERIODICIDAD ACTUAL DE LA PUBLICACIÓN
Periodicidad actual Bianual
362 0# - DATOS DE LA PUBLICACIÓN Y/O DESIGNACIÓN SECUENCIAL
Fecha de publicación y;o designación secuencial 1 (jul.-dic. 1998)
541 ## - NOTA DE LA FUENTE INMEDIANTE DE ADQUISICIÓN
Forma de adquisición Gratuito
592 ## - CES. NOTA ESTADO DE LA PUBLICACIÓN
Estado publicación Cerrada
650 #4 - ASIENTO SECUNDARIO DE MATERIA--TÉRMINO DE MATERIA
Término de materia o nombre geográfico como elemento inicial España
9 (RLIN) 26964
650 #4 - ASIENTO SECUNDARIO DE MATERIA--TÉRMINO DE MATERIA
Término de materia o nombre geográfico como elemento inicial América Latina
9 (RLIN) 26882
650 #4 - ASIENTO SECUNDARIO DE MATERIA--TÉRMINO DE MATERIA
Término de materia o nombre geográfico como elemento inicial relaciones internacionales
9 (RLIN) 26675
650 #4 - ASIENTO SECUNDARIO DE MATERIA--TÉRMINO DE MATERIA
Término de materia o nombre geográfico como elemento inicial administración pública
9 (RLIN) 27214
653 10 - TÉRMINO DE INDEXACIÓN--NO CONTROLADO
Término no controlado Administración-Instituciones públicas
710 2# - ENCABEZAMIENTO SECUNDARIO--NOMBRE CORPORATIVO
Nombre de entidad o nombre de jurisdicción como elemento inicial Instituto Nacional de Administración Pública (España)
Término indicativo de función ed.
9 (RLIN) 4265
853 21 - LEYENDAS Y PATRÓN--UNIDAD BIBLIOGRÁFICA BÁSICA
Segundo nivel de enumeración n.
Primer nivel de cronología año
Segundo nivel de cronología mes
Continuidad en la numeración c
Frecuencia f
Patrón de regularidad pm06,12
856 42 - ACCESO ELECTRÓNICO
Identificador Uniforme del Recurso (URI) <a href="https://dialnet.unirioja.es/servlet/revista?codigo=1502">https://dialnet.unirioja.es/servlet/revista?codigo=1502</a>
Nota pública tabla de contenidos a través de Dialnet
866 #1 - FUENTES TEXTUALES--UNIDAD BIBLIOGRÁFICA BÁSICA
Holdings textuales 1998-2004.
Nota pública Ubicación: DEPÓSITO - 55/733
905 ## - CES. DATOS REVISTA
Boletín de sumarios (Sirtex 591$a) Boletín D
Kardex
Proceso +
942 ## - ELEMENTOS KOHA
Fuente de clasificaión o esquema Clasificación propia del CES
Koha [por defecto] tipo de item Periódicas
Parte de clasificación 6.3.
Existencias
Número de registro Signatura completa Tipo de item de Koha
027799 55/733 Periódicas
032427 55/733 Periódicas
034724 55/733 Periódicas
038412 55/733 Periódicas
041769 55/733 Periódicas
044207 55/733 Periódicas
047207 55/733 Periódicas
048993 55/733 Periódicas
052164 55/733 Periódicas
054233 55/733 Periódicas
059149 55/733 Periódicas
© CES, Consejo Económico y Social de España 2021